Príklady z elektrických pohonov

Gespeichert in:
Bibliographische Detailangaben
Hauptverfasser: Fedák, Viliam (Verfasst von), Záskalický, Pavel (Verfasst von)
Format: Buch
Sprache:Slowakisch
Veröffentlicht: Bratislava : Alfa, 1985
Ausgabe:1. vyd.
Tags: Tag hinzufügen
Keine Tags, Fügen Sie das erste Tag hinzu!

MARC

LEADER 00000nam a22000003a 4500
001 stu25643
005 20150617225746.1
008 980520s1985------------------------slo-d
040 |a STU  |b slo 
041 0 |a slo 
100 1 |a Fedák, Viliam  |4 aut 
245 1 |a Príklady z elektrických pohonov 
250 |a 1. vyd. 
260 |a Bratislava :  |b Alfa,  |c 1985 
300 |a 275 s 
700 1 |a Záskalický, Pavel  |4 aut 
996 |b 284ES13918  |c E*S-26021  |l EE01  |s A  |a 24  |w stu25643_0001 
996 |b 284ES13916  |c E*S-26020  |l EE01  |s A  |a 24  |w stu25643_0002